[Event "GER-chT North U12"]
[Site "Magdeburg"]
[Date "2013.09.13"]
[Round "4.3"]
[White "Ter Stal, Lars"]
[Black "Von Pokrzywnicki, Moritz"]
[Result "1-0"]
[WhiteElo "1131"]
[BlackElo "1031"]
[PlyCount "121"]
[EventDate "2013.09.12"]
[EventType "team-swiss"]
[EventRounds "7"]
[EventCountry "GER"]
[SourceTitle "EXT 2014"]
[Source "ChessBase"]
[SourceDate "2013.11.20"]
[SourceVersion "1"]
[SourceVersionDate "2013.11.20"]
[SourceQuality "1"]
[WhiteTeam "Nordhorn Blanke"]
[BlackTeam "Magdeburg Schachzwerge"]
[WhiteTeamCountry "GER"]
[BlackTeamCountry "GER"]

1. e4 c5 2. Nc3 Nc6 3. f4 g6 4. Nf3 Bg7 5. Bc4 e6 6. d3 Nge7 7. 0-0 0-0 8. Be3 d5 9. exd5 exd5 10. Bxc5 dxc4 11. dxc4 Bg4 12. Qxd8 Raxd8 13. Nd5 Rfe8 14. Nxe7+ Nxe7 15. Bxa7 Bxb2 16. Rab1 Bg7 17. Rxb7 Rc8 18. Nd2 Bc3 19. Ne4 Rxc4 20. Nd6 Rcc8 21. Nxc8 Nxc8 22. Bf2 Nd6 23. Rb3 Rc8 24. Rfb1 Be6 25. Rb8 Bxa2 26. Rxc8+ Nxc8 27. Rb8 Be6 28. Kf1 Kg7 29. Ke2 Ne7 30. Kd3 Nd5 31. Bd4+ Bxd4 32. Kxd4 Nxf4 33. g3 Nd5 34. c4 Ne7 35. Re8 Nf5+ 36. Kc5 f6 37. Rxe6 Kf7 38. Ra6 h5 39. Kb6 Ne3 40. c5 Nc4+ 41. Kb5 Ne3 42. c6 Nd5 43. Kc5 Ne7 44. Ra7 g5 45. Rxe7+ Kxe7 46. Kb6 h4 47. c7 hxg3 48. hxg3 f5 49. c8Q f4 50. Qc6 fxg3 51. Kc7 g2 52. Qxg2 Kf7 53. Qxg5 Ke8 54. Qg6+ Ke7 55. Qd6+ Kf7 56. Kd7 Kg7 57. Qe6 Kh8 58. Qe7 Kg8 59. Ke6 Kh8 60. Kf6 Kg8 61. Qg7# 1-0

[Event "GER-chT North U12"]
[Site "Magdeburg"]
[Date "2013.09.13"]
[Round "3.3"]
[White "Von Pokrzywnicki, Moritz"]
[Black "Jaeger, Gustav"]
[Result "1-0"]
[WhiteElo "1031"]
[BlackElo "1076"]
[PlyCount "125"]
[EventDate "2013.09.12"]
[EventType "team-swiss"]
[EventRounds "7"]
[EventCountry "GER"]
[SourceTitle "EXT 2014"]
[Source "ChessBase"]
[SourceDate "2013.11.20"]
[SourceVersion "1"]
[SourceVersionDate "2013.11.20"]
[SourceQuality "1"]
[WhiteTeam "Magdeburg Schachzwerge"]
[BlackTeam "Magdeburg USC"]
[WhiteTeamCountry "GER"]
[BlackTeamCountry "GER"]

1. e4 e5 2. Nf3 Nc6 3. Bc4 Bc5 4. c3 Nf6 5. d4 exd4 6. cxd4 Bb4+ 7. Bd2 Nxe4 8. Bxb4 Nxb4 9. Bxf7+ Kxf7 10. Qb3+ d5 11. Qxb4 Re8 12. 0-0 Bg4 13. Ne5+ Rxe5 14. dxe5 Qg5 15. Kh1 Nxf2+ 16. Kg1 Ke6 17. Rxf2 Qc1+ 18. Rf1 Qe3+ 19. Kh1 Be2 20. Qe1 Qxe5 21. Rf2 Bc4 22. Qxe5+ Kxe5 23. Rf7 Kd6 24. Nc3 d4 25. Rxg7 dxc3 26. Rd1+ Kc5 27. bxc3 Bxa2 28. Rxc7+ Kb6 29. Rxh7 Kc5 30. Rxb7 a6 31. Rdd7 Rg8 32. h3 Bd5 33. Rbc7+ Bc6 34. Rg7 Rxg7 35. Rxg7 a5 36. h4 a4 37. Ra7 Kb6 38. Re7 Kc5 39. h5 a3 40. Re1 Bd7 41. Ra1 Bf5 42. Rxa3 Be4 43. Ra5+ Kc6 44. Kh2 Kc7 45. g4 Kc6 46. g5 Bf3 47. g6 Bd5 48. Rxd5 Kxd5 49. g7 Kc4 50. g8Q+ Kxc3 51. Kg3 Kd4 52. Qe6 Kc5 53. Qd7 Kc4 54. Qd6 Kc3 55. Qd5 Kb4 56. Qc6 Kb3 57. Qc5 Kb2 58. Qc4 Kb1 59. Qe2 Kc1 60. Qa2 Kd1 61. Qb2 Ke1 62. Qc2 Kf1 63. Qf2# 1-0

[Event "GER-chT U10"]
[Site "Magdeburg"]
[Date "2012.12.28"]
[Round "5.2"]
[White "Von Pokrzywnicki, Moritz"]
[Black "Schmidt, Johannes4444"]
[Result "0-1"]
[WhiteElo "1042"]
[BlackElo "681"]
[PlyCount "56"]
[EventDate "2012.12.27"]
[EventType "team-swiss"]
[EventRounds "7"]
[EventCountry "GER"]
[SourceTitle "EXT 2014"]
[Source "ChessBase"]
[SourceDate "2013.11.20"]
[SourceVersion "1"]
[SourceVersionDate "2013.11.20"]
[SourceQuality "1"]
[WhiteTeam "Magdeburg Schachzwerge"]
[BlackTeam "Neumarkt"]
[WhiteTeamCountry "GER"]
[BlackTeamCountry "GER"]

1. e4 e5 2. Nf3 Nf6 3. Nxe5 Nxe4 4. Qe2 d6 5. Qxe4 dxe5 6. Qxe5+ Be6 7. Bc4 Nc6 8. Qe4 Be7 9. Bxe6 fxe6 10. Qxe6 Qd7 11. Qxd7+ Kxd7 12. 0-0 Nb4 13. Na3 Nd5 14. d4 c5 15. Rd1 cxd4 16. Rxd4 Kd6 17. Nb5+ Kc5 18. c4 Bf6 19. Rxd5+ Kxc4 20. Nc3 Bxc3 21. Rd7 Rab8 22. Rc7+ Kd5 23. Rxc3 Rhe8 24. Bf4 Rbd8 25. Rd1+ Ke6 26. Re3+ Kf5 27. Rxd8 Rxd8 28. Rf3 Rd1# 0-1